<?xml version="1.0" encoding="UTF-8"?>
<collection xmlns="http://www.loc.gov/MARC21/slim">
<record>
  <controlfield tag="001">163198</controlfield>
  <controlfield tag="005">20251017161900.0</controlfield>
  <datafield tag="024" ind1="7" ind2=" ">
    <subfield code="2">doi</subfield>
    <subfield code="a">10.4000/mcv.5812</subfield>
  </datafield>
  <datafield tag="024" ind1="8" ind2=" ">
    <subfield code="2">sideral</subfield>
    <subfield code="a">145648</subfield>
  </datafield>
  <datafield tag="037" ind1=" " ind2=" ">
    <subfield code="a">ART-2014-145648</subfield>
  </datafield>
  <datafield tag="041" ind1=" " ind2=" ">
    <subfield code="a">spa</subfield>
  </datafield>
  <datafield tag="100" ind1=" " ind2=" ">
    <subfield code="a">Narbona Cárceles, María</subfield>
    <subfield code="u">Universidad de Zaragoza</subfield>
    <subfield code="0">(orcid)0000-0002-7898-3583</subfield>
  </datafield>
  <datafield tag="245" ind1=" " ind2=" ">
    <subfield code="a">'Que de vostres letres nos vesitets'. La casa de María de Castilla (1416-1458) y la documentación epistolar como fuente para su estudio</subfield>
  </datafield>
  <datafield tag="260" ind1=" " ind2=" ">
    <subfield code="c">2014</subfield>
  </datafield>
  <datafield tag="520" ind1="3" ind2=" ">
    <subfield code="a">En los registros de cancillería del Archivo de la Corona de Aragón y del Archivo del Reino de Valencia se conservan una gran cantidad de cartas misivas emitidas a lo largo del reinado de María de Castilla (1416-1458), esposa de Alfonso el Magnánimo. En este trabajo se propone utilizar la correspondencia como fuente privilegiada para el estudio de la casa y corte de la soberana aragonesa en sus múltiples facetas, así como de las formas de abordarla de forma sistemática. La correspondencia, poco utilizada hasta la fecha en los estudios sobre las cortes ibéricas bajomedievales, contiene un tipo de información menos secuencial que la documentación administrativa pero los datos que ofrece son de gran calidad. Las cartas versan sobre todo tipo de temas y permiten ahondar en la vida pública de la reina, así como en los aspectos más personales. En ellas se habla de asuntos de gobierno, pero también de las preocupaciones íntimas de aquella mujer que gobernó en solitario en la Corona de Aragón, uno de los estados más poderosos de Occidente a fines de la Edad Media.</subfield>
  </datafield>
  <datafield tag="506" ind1="0" ind2=" ">
    <subfield code="a">Access copy available to the general public</subfield>
    <subfield code="f">Unrestricted</subfield>
  </datafield>
  <datafield tag="540" ind1=" " ind2=" ">
    <subfield code="9">info:eu-repo/semantics/openAccess</subfield>
    <subfield code="a">by-nc-nd</subfield>
    <subfield code="u">https://creativecommons.org/licenses/by-nc-nd/4.0/deed.es</subfield>
  </datafield>
  <datafield tag="655" ind1=" " ind2="4">
    <subfield code="a">info:eu-repo/semantics/article</subfield>
    <subfield code="v">info:eu-repo/semantics/publishedVersion</subfield>
  </datafield>
  <datafield tag="710" ind1="2" ind2=" ">
    <subfield code="1">3008</subfield>
    <subfield code="2">085</subfield>
    <subfield code="a">Universidad de Zaragoza</subfield>
    <subfield code="b">Dpto. Hª.Medieval,CC.TT.Histo.</subfield>
    <subfield code="c">Área Ciencias Técnicas Histor.</subfield>
  </datafield>
  <datafield tag="773" ind1=" " ind2=" ">
    <subfield code="g">44, 2 (2014), 183 - 201</subfield>
    <subfield code="p">Mél. Casa Velázquez</subfield>
    <subfield code="t">Mélanges de la Casa de Velázquez</subfield>
    <subfield code="x">0076-230X</subfield>
  </datafield>
  <datafield tag="856" ind1="4" ind2="1">
    <subfield code="u">https://journals.openedition.org/mcv/5812</subfield>
    <subfield code="z">Texto completo de la revista</subfield>
  </datafield>
  <datafield tag="856" ind1="4" ind2=" ">
    <subfield code="s">664963</subfield>
    <subfield code="u">http://zaguan.unizar.es/record/163198/files/texto_completo.pdf</subfield>
    <subfield code="y">Versión publicada</subfield>
  </datafield>
  <datafield tag="856" ind1="4" ind2=" ">
    <subfield code="s">1617557</subfield>
    <subfield code="u">http://zaguan.unizar.es/record/163198/files/texto_completo.jpg?subformat=icon</subfield>
    <subfield code="x">icon</subfield>
    <subfield code="y">Versión publicada</subfield>
  </datafield>
  <datafield tag="909" ind1="C" ind2="O">
    <subfield code="o">oai:zaguan.unizar.es:163198</subfield>
    <subfield code="p">articulos</subfield>
    <subfield code="p">driver</subfield>
  </datafield>
  <datafield tag="951" ind1=" " ind2=" ">
    <subfield code="a">2025-10-17-14:07:55</subfield>
  </datafield>
  <datafield tag="980" ind1=" " ind2=" ">
    <subfield code="a">ARTICLE</subfield>
  </datafield>
</record>
</collection>